| 000 | 00673nam a2200241Ia 4500 | ||
|---|---|---|---|
| 008 | 160901s9999 xx 000 0 und d | ||
| 020 | _a81-7573-795-6 | ||
| 050 | _aComSc HF 5548.4 | ||
| 050 | _b.M523J34 2004 | ||
| 100 | _aJagtiani, Reema | ||
| 245 | _aLearn all about MS Excel / | ||
| 245 | _cReema Jagtiani. | ||
| 260 | _aIndia : | ||
| 260 | _bJohn Wiley and Sons, Inc., | ||
| 260 | _c2004 | ||
| 300 | _a951 pages : | ||
| 300 | _bill. ; | ||
| 300 | _c23 cm. | ||
| 500 | _aIncludes bibliographical references and index. | ||
| 650 | _aBusiness -- Computer programs. | ||
| 650 | _aMicrosoft Excel (Computer file). | ||
| 650 | _xElectronic spreadsheets. | ||
| 999 |
_c300853 _d300853 |
||